[Event "ICS rated blitz match"]
[Site "204.178.125.65"]
[Date "2000.12.18"]
[Round "?"]
[White "PostModernist"]
[Black "Hossa"]
[Result "1-0"]
[WhiteElo "2570"]
[BlackElo "2652"]
[PlyCount "99"]
[EventDate "2000.??.??"]

1. d4 Nf6 2. c4 c5 3. d5 g6 4. Nc3 Bg7 5. e4 d6 6. Bd3 e5 7. h3 O-O 8. Nge2 Na6
9. O-O Nb4 10. Bb1 Bd7 11. Be3 Qa5 12. Qd2 Nh5 13. Rd1 f5 14. exf5 gxf5 15. Bh6
Rf6 16. Bxg7 Nxg7 17. a3 Qc7 18. axb4 cxb4 19. Na4 b5 20. cxb5 Bxb5 21. Ng3 Qa5
22. b3 f4 23. Ne4 Rg6 24. Bd3 Bxd3 25. Qxd3 Qc7 26. Rdc1 Qb7 27. h4 Rf8 28. Nb2
Qd7 29. Qf3 Nf5 30. Qh3 f3 31. g3 Qb7 32. h5 Rg7 33. Rc6 Nd4 34. h6 Rg6 35.
Rxd6 Rxd6 36. Nxd6 Qe7 37. Qg4+ Kh8 38. Nc8 Qf6 39. Ra6 Ne2+ 40. Kh2 Qf7 41.
Rxa7 Qg6 42. Qxg6 hxg6 43. Nd6 Nc3 44. Nbc4 Nxd5 45. Rg7 Nf6 46. Nxe5 Ng4+ 47.
Nxg4 g5 48. Ne5 Rf6 49. Ndf7+ Rxf7 50. Nxf7# {Hossa checkmated} 1-0

[Event "ICS rated blitz match"]
[Site "204.178.125.65"]
[Date "2000.12.18"]
[Round "?"]
[White "Hossa"]
[Black "PostModernist"]
[Result "1/2-1/2"]
[WhiteElo "2632"]
[BlackElo "2590"]
[PlyCount "274"]
[EventDate "2000.??.??"]

1. d4 Nf6 2. c4 c5 3. d5 g6 4. Nc3 Bg7 5. e4 d6 6. Bd3 e5 7. h3 O-O 8. Nge2 a6
9. O-O b6 10. Be3 Qe7 11. Qd2 Re8 12. Ng3 Bb7 13. Rfe1 Qf8 14. Bg5 Nbd7 15. Bc2
Rac8 16. Rac1 Ra8 17. Ba4 Rec8 18. Nf1 Rab8 19. Ne3 h6 20. Bh4 Ra8 21. Nc2 Rab8
22. Rf1 Ra8 23. f4 exf4 24. Bxf6 Nxf6 25. Qxf4 Qe7 26. Rf3 Nh7 27. h4 g5 28.
Qf5 gxh4 29. Rff1 Ng5 30. Rfe1 Bd4+ 31. Nxd4 cxd4 32. Nb1 Qe5 33. Bd7 Rd8 34.
Nd2 Qxf5 35. Bxf5 Bc8 36. Nb3 d3 37. Rcd1 b5 38. cxb5 axb5 39. a3 Re8 40. Nd4
h3 41. Rxd3 hxg2 42. Rde3 Ra4 43. Nxb5 Bxf5 44. Nxd6 Rexe4 45. Nxf5 Nf3+ 46.
Rxf3 Rxe1+ 47. Kxg2 Kh7 48. b4 Ra1 49. Ne7 Kg7 50. Rg3+ Kf6 51. Ng8+ Ke5 52.
Nxh6 Ra2+ 53. Kg1 f6 54. Rf3 Kxd5 55. Ng8 Ke4 56. Rf1 R4xa3 57. Nxf6+ Ke5 58.
Nd7+ Kd6 59. Rd1+ Kc6 60. Nc5 Rb2 61. Nd3 Rbb3 62. Ne5+ Kb5 63. Rd2 Kxb4 64.
Rc2 Ra8 65. Kf1 Re8 66. Re2 Rf8+ 67. Rf2 Rb1+ 68. Kg2 Rg8+ 69. Kf3 Rd1 70. Rc2
Kb3 71. Rc5 Re1 72. Kf2 Rh1 73. Ke3 Re8 74. Rb5+ Ka4 75. Rd5 Re1+ 76. Kd4 Ka3
77. Nd3 Rd1 78. Kc4 Ra8 79. Rb5 Ka2 80. Rb2+ Ka1 81. Rb5 Rc8+ 82. Rc5 Rb8 83.
Re5 Ka2 84. Re2+ Ka3 85. Re5 Rc8+ 86. Rc5 Rxc5+ 87. Nxc5 Kb2 88. Na4+ Kc2 89.
Nc5 Rd6 90. Ne4 Rd8 91. Nf6 Kd2 92. Ne4+ Ke3 93. Nf6 Rd6 94. Nd5+ Ke4 95. Nc3+
Ke5 96. Kc5 Rd8 97. Kc4 Ra8 98. Kd3 Rb8 99. Ne4 Rd8+ 100. Ke3 Rf8 101. Nc5 Re8
102. Nd3+ Kd5+ 103. Kf3 Kd4 104. Nf4 Re4 105. Ne2+ Ke5 106. Nc3 Rc4 107. Ne2
Rh4 108. Ng3 Rb4 109. Ne2 Rb3+ 110. Kg4 Rb2 111. Kf3 Rb1 112. Ng3 Rb3+ 113. Kg4
Rb8 114. Kf3 Rb1 115. Ne2 Ra1 116. Ng3 Ra7 117. Ne2 Ra3+ 118. Kg4 Ra2 119. Kf3
Ra5 120. Ke3 Ra3+ 121. Kf2 Rd3 122. Ke1 Ke4 123. Nc1 Rc3 124. Kd1 Ke3 125. Ne2
Rd3+ 126. Ke1 Rb3 127. Kd1 Rb6 128. Nc1 Rb2 129. Ke1 Rh2 130. Kd1 Rd2+ 131. Ke1
Rd7 132. Nb3 Rd5 133. Nc1 Rd2 134. Nb3 Rh2 135. Kd1 Rh8 136. Kc2 Rc8+ 137. Kd1
Ke4 {Game drawn by the 50 move rule} 1/2-1/2

[Event "ICS rated standard match"]
[Site "204.178.125.65"]
[Date "2000.12.18"]
[Round "?"]
[White "BrazilianMaster"]
[Black "Hossa"]
[Result "1-0"]
[WhiteElo "2626"]
[BlackElo "2332"]
[PlyCount "61"]
[EventDate "2000.??.??"]

1. c4 Nf6 2. Nf3 Nc6 3. d4 e6 4. a3 d5 5. e3 dxc4 6. Bxc4 Bd6 7. Nc3 a6 8. e4
b5 9. Ba2 b4 10. axb4 Bxb4 11. Qd3 O-O 12. O-O Bb7 13. e5 Ne8 14. d5 Ne7 15.
Ng5 g6 16. Qh3 h5 17. dxe6 f6 18. Nf7 Qb8 19. Qe3 Nf5 20. Nh6+ Nxh6 21. Qxh6
Be7 22. Qxg6+ Kh8 23. Qxh5+ Kg8 24. Bh6 Bf3 25. gxf3 Qxb2 26. Bxf8 Qxc3 27.
Qf7+ Kh8 28. Bb1 Qd3 29. Bxd3 f5 30. Bxf5 Bxf8 31. Qxf8# {Hossa checkmated} 1-0

[Event "ICS rated blitz match"]
[Site "204.178.125.65"]
[Date "2000.12.18"]
[Round "?"]
[White "PostModernist"]
[Black "Hossa"]
[Result "1-0"]
[WhiteElo "2594"]
[BlackElo "2630"]
[PlyCount "181"]
[EventDate "2000.??.??"]

1. e4 c5 2. c3 Nf6 3. e5 Nd5 4. d4 cxd4 5. Nf3 e6 6. cxd4 d6 7. a3 Bd7 8. Bd3
Qa5+ 9. Kf1 Be7 10. Bg5 dxe5 11. Bxe7 Nxe7 12. dxe5 Nbc6 13. Qe2 Nb4 14. Nc3
Nxd3 15. Qxd3 Bc6 16. b4 Qd8 17. Nd4 Ng6 18. Qe3 O-O 19. Nxc6 bxc6 20. Rd1 Qc7
21. f4 a5 22. h4 f6 23. exf6 Rxf6 24. g3 axb4 25. axb4 e5 26. Ne4 Rff8 27. Qb3+
Kh8 28. h5 Nxf4 29. gxf4 Rxf4+ 30. Nf2 Qb6 31. Rh2 Raf8 32. Qb2 Qe3 33. Qe2 Qc3
34. Kg1 Rxb4 35. Ne4 Qa3 36. Rf2 Rbb8 37. Rdf1 Qa7 38. Kh2 Rxf2+ 39. Rxf2 Qe7
40. Qg4 g6 41. hxg6 hxg6 42. Ng5 Kg8 43. Nf7 Qxf7 44. Rxf7 Rb2+ 45. Kg3 Kxf7
46. Qc4+ Kg7 47. Qxc6 Rd2 48. Kg4 Rd1 49. Qc5 Kf6 50. Qb6+ Ke7 51. Kg5 Rd2 52.
Qc7+ Ke6 53. Qc4+ Rd5 54. Kxg6 Kd6 55. Kf7 Rc5 56. Qe6+ Kc7 57. Ke7 Kb7 58. Qd6
Rb5 59. Kd8 e4 60. Kd7 Rb6 61. Qd4 e3 62. Qxe3 Ka6 63. Kc7 Rb4 64. Kd6 Kb5 65.
Kd5 Ka4 66. Qe2 Ka3 67. Kc5 Rb1 68. Qd2 Rb8 69. Qd6 Rc8+ 70. Kb5+ Kb2 71. Qf6+
Kb1 72. Kb4 Rb8+ 73. Kc3 Rc8+ 74. Kd3 Rb8 75. Qe5 Rb3+ 76. Kd2 Rb6 77. Qe4+ Ka2
78. Qd5+ Kb1 79. Qd3+ Ka2 80. Qd4 Rh6 81. Qe5 Rg6 82. Qa5+ Kb3 83. Qc3+ Ka4 84.
Qc2+ Kb5 85. Qxg6 Kc5 86. Qe6 Kd4 87. Kc2 Kc5 88. Kc3 Kb5 89. Qd6 Ka5 90. Kc4
Ka4 91. Qb4# {Hossa checkmated} 1-0

[Event "ICS rated blitz match"]
[Site "204.178.125.65"]
[Date "2000.12.18"]
[Round "?"]
[White "Hossa"]
[Black "Alexandrino"]
[Result "0-1"]
[WhiteElo "2612"]
[BlackElo "2728"]
[PlyCount "132"]
[EventDate "2000.??.??"]

1. c4 Nf6 2. Nf3 g6 3. g3 Bg7 4. Nc3 O-O 5. Bg2 d6 6. d4 Nbd7 7. O-O e5 8. dxe5
dxe5 9. Qc2 c6 10. Bh3 Qe7 11. Rd1 Nc5 12. Bxc8 Raxc8 13. b4 e4 14. Ng5 Na6 15.
Rb1 Nxb4 16. Ba3 c5 17. Bxb4 cxb4 18. Ncxe4 Ng4 19. Qd3 Rcd8 20. Qf3 Rxd1+ 21.
Rxd1 f5 22. Nd6 Qxg5 23. Qd5+ Kh8 24. Nf7+ Rxf7 25. Qxf7 h6 26. Qxb7 a5 27. Qf7
Kh7 28. Rd7 Qf6 29. Qxf6 Nxf6 30. Ra7 Ne4 31. Rxa5 Bf8 32. e3 Kg7 33. Ra7+ Kf6
34. Ra6+ Kf7 35. Kg2 Nc5 36. Ra5 Nd7 37. Ra7 Ke6 38. Ra8 Be7 39. Ra6+ Bd6 40.
h3 Ke7 41. Ra5 h5 42. Kf1 Bc5 43. h4 Kd6 44. Ra8 Bb6 45. Ke2 Ne5 46. Rc8 Kd7
47. Rg8 Bc5 48. Rg7+ Kc6 49. f4 Nxc4 50. e4 fxe4 51. Rxg6+ Kb5 52. Rh6 Nb6 53.
Rxh5 Na4 54. Re5 Nc3+ 55. Kf1 Nxa2 56. Ke2 b3 57. Kd1 e3 58. g4 Kc4 59. Re8
Nc3+ 60. Ke1 b2 61. Kf1 b1=Q+ 62. Kg2 Ne2 63. Rf8 Qe4+ 64. Kh2 Qf3 65. h5 Qg3+
66. Kh1 Qg1# {Hossa checkmated} 0-1

[Event "ICS rated blitz match"]
[Site "204.178.125.65"]
[Date "2000.12.18"]
[Round "?"]
[White "Hossa"]
[Black "amharic"]
[Result "1-0"]
[WhiteElo "2601"]
[BlackElo "1940"]
[PlyCount "37"]
[EventDate "2000.??.??"]

1. d4 d5 2. Nf3 Bf5 3. e3 e6 4. Nc3 c6 5. Bd3 Bxd3 6. cxd3 f5 7. Qb3 Qb6 8.
Qxb6 axb6 9. Ng5 Ke7 10. e4 h6 11. Nf3 g5 12. O-O Nf6 13. h4 g4 14. Ne5 Rg8 15.
exf5 exf5 16. Re1 Kd6 17. Bf4 Nh5 18. Nc4+ Kd7 19. Nxb6+ {amharic resigns} 1-0

[Event "ICS rated blitz match"]
[Site "204.178.125.65"]
[Date "2000.12.18"]
[Round "?"]
[White "amharic"]
[Black "Hossa"]
[Result "0-1"]
[WhiteElo "1939"]
[BlackElo "2602"]
[PlyCount "44"]
[EventDate "2000.??.??"]

1. d4 Nf6 2. g3 d5 3. Bg2 g6 4. Bg5 Ne4 5. Be3 Bg7 6. f3 Nd6 7. Nd2 Nf5 8. Bf2
Bxd4 9. Bxd4 Nxd4 10. e3 Nf5 11. Qe2 d4 12. e4 Ne3 13. Nc4 Nxg2+ 14. Qxg2 Be6
15. Ne5 c5 16. O-O-O O-O 17. Kb1 Qa5 18. b3 Na6 19. Nh3 Qa3 20. Rc1 Bxh3 21.
Qxh3 Nb4 22. Qxh7+ Kxh7 {amharic resigns} 0-1

[Event "ICS rated blitz match"]
[Site "204.178.125.65"]
[Date "2000.12.18"]
[Round "?"]
[White "Hossa"]
[Black "ChesterX"]
[Result "0-1"]
[WhiteElo "2603"]
[BlackElo "2608"]
[PlyCount "134"]
[EventDate "2000.??.??"]

1. e4 e6 2. d4 d5 3. Nd2 a6 4. Ngf3 c5 5. exd5 exd5 6. dxc5 Bxc5 7. Nb3 Ba7 8.
Bd3 Nc6 9. O-O Nge7 10. Re1 O-O 11. c3 Qd6 12. Nfd4 Re8 13. Qh5 h6 14. Nxc6
bxc6 15. g3 Qf6 16. Be3 Bf5 17. Bxf5 Qxf5 18. Qxf5 Nxf5 19. Bxa7 Rxe1+ 20. Rxe1
Rxa7 21. Re8+ Kh7 22. Nc5 a5 23. Rc8 Ne7 24. Rd8 a4 25. Rd7 Rxd7 26. Nxd7 Kg6
27. Kg2 Kf5 28. Nc5 a3 29. bxa3 Ke5 30. f4+ Kd6 31. Nb3 c5 32. Kf3 Kc6 33. a4
c4 34. Nd4+ Kb6 35. f5 Ka5 36. Kf4 f6 37. Ne6 Kxa4 38. Nxg7 d4 39. cxd4 c3 40.
Ne6 c2 41. Nc5+ Ka3 42. Nd3 Nd5+ 43. Kf3 Nb4 44. Nc1 Kb2 45. Ne2 Nd5 46. h3 Nc3
47. Nf4 Kb1 48. Nd3 Nxa2 49. g4 Nb4 50. Nxb4 c1=Q 51. Nd3 Qd2 52. Nc5 Qxd4 53.
Ne6 Qd3+ 54. Kg2 h5 55. Ng7 Qe4+ 56. Kg3 Qe3+ 57. Kg2 hxg4 58. hxg4 Qg5 59. Nh5
Qxg4+ 60. Ng3 Kc2 61. Kh2 Kd3 62. Kh1 Qh3+ 63. Kg1 Qxg3+ 64. Kh1 Qg4 65. Kh2
Ke4 66. Kh1 Kf3 67. Kh2 Qg2# {Hossa checkmated} 0-1

[Event "ICS rated blitz match"]
[Site "204.178.125.65"]
[Date "2000.12.18"]
[Round "?"]
[White "Hossa"]
[Black "Wild-Child"]
[Result "1-0"]
[WhiteElo "2593"]
[BlackElo "1999"]
[PlyCount "69"]
[EventDate "2000.??.??"]

1. e4 c5 2. Nf3 Nc6 3. d3 d6 4. Be2 Nf6 5. O-O e5 6. Na3 Be7 7. c3 Bg4 8. Be3
Qb6 9. Nc4 Qa6 10. Ng5 Bxe2 11. Qxe2 h6 12. Nh3 b5 13. Nd2 g5 14. f3 b4 15. Nf2
bxc3 16. bxc3 Rb8 17. Nb3 O-O 18. Ng4 Nxg4 19. fxg4 f6 20. Rab1 Na5 21. Nd2
Rfd8 22. Bf2 d5 23. exd5 Rxb1 24. Nxb1 Rxd5 25. c4 Rd8 26. Nc3 Nc6 27. Qe4 Kg7
28. Nd5 Qxa2 29. Nxe7 Nxe7 30. Qb7 Kf7 31. Bxc5 Re8 32. Qc7 Qe2 33. Qd6 Qxg4
34. Qxf6+ Kg8 35. Bxe7 {Wild-Child resigns} 1-0

[Event "ICS rated blitz match"]
[Site "204.178.125.65"]
[Date "2000.12.18"]
[Round "?"]
[White "brutus"]
[Black "Hossa"]
[Result "0-1"]
[WhiteElo "2179"]
[BlackElo "2594"]
[PlyCount "70"]
[EventDate "2000.??.??"]

1. e4 e5 2. Nf3 Nf6 3. Nc3 Bb4 4. Bc4 d6 5. d3 Bxc3+ 6. bxc3 O-O 7. Bg5 Bg4 8.
Qe2 Nc6 9. Qe3 Be6 10. Bb3 h6 11. Bh4 a5 12. a3 a4 13. Ba2 Ng4 14. Bxd8 Nxe3
15. fxe3 Nxd8 16. Bxe6 Nxe6 17. O-O Nc5 18. Nh4 f6 19. Nf5 Kf7 20. Rab1 Rh8 21.
h4 Rhe8 22. h5 b6 23. g4 Ne6 24. Kf2 Ng5 25. Ke2 Rg8 26. Nh4 Ke7 27. Rb4 Ke8
28. Rfb1 Kf7 29. Rc4 Ra7 30. Rbb4 Ne6 31. Rxa4 Rga8 32. Rxa7 Rxa7 33. a4 Nc5
34. Nf3 Nxa4 35. Kd2 c5 {brutus resigns} 0-1

[Event "ICS rated blitz match"]
[Site "204.178.125.65"]
[Date "2000.12.18"]
[Round "?"]
[White "Hossa"]
[Black "brutus"]
[Result "1-0"]
[WhiteElo "2597"]
[BlackElo "2176"]
[PlyCount "30"]
[EventDate "2000.??.??"]

1. e4 e6 2. d4 d5 3. e5 c5 4. c3 Bd7 5. Nf3 Qb6 6. Bd3 cxd4 7. Nxd4 Nc6 8. Nxc6
bxc6 9. O-O c5 10. Qf3 Bb5 11. Bxb5+ Qxb5 12. Na3 Qa6 13. c4 Rd8 14. Bg5 Be7
15. Nb5 Rd7 {brutus resigns} 1-0

[Event "ICS rated standard match"]
[Site "204.178.125.65"]
[Date "2000.12.18"]
[Round "?"]
[White "Hossa"]
[Black "BrazilianMaster"]
[Result "0-1"]
[WhiteElo "2327"]
[BlackElo "2613"]
[PlyCount "112"]
[EventDate "2000.??.??"]

1. e4 c5 2. Nf3 e6 3. d4 cxd4 4. Nxd4 Nf6 5. Nc3 d6 6. g4 h6 7. Bg2 Nc6 8. Nxc6
bxc6 9. e5 Nd5 10. Nxd5 exd5 11. c4 dxe5 12. cxd5 cxd5 13. Bxd5 Bb4+ 14. Kf1
O-O 15. Bf3 Qxd1+ 16. Bxd1 Bc5 17. Bd2 Bd4 18. Bc3 f5 19. Bf3 Rb8 20. gxf5 Bxf5
21. Rg1 Bd3+ 22. Kg2 Bxc3 23. Bd5+ Kh7 24. bxc3 Rb2 25. Kg3 Rfxf2 26. Rae1 e4
27. Bxe4+ Bxe4 28. Rxe4 Rxh2 29. Re7 Rxa2 30. Rc7 a5 31. Ra7 Kg8 32. Ra8+ Kf7
33. Ra7+ Kf6 34. Ra6+ Kf5 35. Rxa5+ Rxa5 36. Kxh2 g5 37. Rf1+ Ke4 38. Kg3 h5
39. Rh1 g4 40. Rd1 Rd5 41. Re1+ Kf5 42. Kf2 h4 43. Rf1 g3+ 44. Ke3+ Kg4 45. Rb1
Re5+ 46. Kd4 Rf5 47. c4 h3 48. Ke4 g2 49. Rb2 g1=Q 50. Rb8 Qg2+ 51. Ke3 Qg3+
52. Kd4 Qd6+ 53. Kc3 Rf3+ 54. Kb2 Qd2+ 55. Ka1 Qc1+ 56. Rb1 Qa3# {
Hossa checkmated} 0-1

[Event "ICS rated blitz match"]
[Site "204.178.125.65"]
[Date "2000.12.18"]
[Round "?"]
[White "Amateur"]
[Black "Hossa"]
[Result "0-1"]
[WhiteElo "2467"]
[BlackElo "2597"]
[PlyCount "182"]
[EventDate "2000.??.??"]

1. c4 Nf6 2. Nf3 g6 3. g3 Bg7 4. Bg2 d5 5. cxd5 Nxd5 6. Nc3 O-O 7. O-O Bg4 8.
Qa4 Bd7 9. Qh4 e6 10. Nxd5 exd5 11. Qxd8 Rxd8 12. d4 Re8 13. Be3 Nc6 14. Rac1
Bf5 15. Rc5 Be4 16. Rb5 Rab8 17. Rd1 a6 18. Rc5 h6 19. Rc3 Re7 20. Rc5 Re6 21.
Rc3 f5 22. b3 Rbe8 23. a3 g5 24. Rcc1 Bf8 25. b4 Bd6 26. Kh1 f4 27. gxf4 gxf4
28. Bd2 R8e7 29. Rg1 Rg7 30. Rcd1 Reg6 31. Bc3 Be7 32. Bb2 a5 33. b5 Na7 34. a4
c6 35. bxc6 Nxc6 36. h3 h5 37. Kh2 Bc2 38. Ra1 Bf5 39. Ne5 Nxe5 40. dxe5 Be4
41. f3 Bf5 42. Bd4 Bh4 43. Kh1 Kf8 44. Bc5+ Be7 45. Bd4 Bb4 46. e3 Bd2 47. exf4
Bxf4 48. Ra3 h4 49. Rb3 Bc2 50. Rb5 Bxa4 51. Rxa5 Bc6 52. e6 Rg8 53. Bc5+ Kg7
54. e7 Kf7 55. Ra2 Bd6 56. Bxd6 Rxd6 57. Re2 Rd7 58. Re5 Rxe7 59. Rh5 Re2 60.
Rxh4 Rf2 61. Rf4+ Ke6 62. h4 Kd6 63. h5 Rg5 64. Rh4 d4 65. h6 Rfxg2 66. Rxg2
Bxf3 67. Rxd4+ Kc5 68. Rdd2 Rh5+ 69. Kg1 Bxg2 70. Rc2+ Kd6 71. Rxg2 Rxh6 72.
Rg5 Rf6 73. Ra5 b6 74. Ra2 Rf5 75. Kg2 b5 76. Rf2 Rxf2+ 77. Kxf2 Kc5 78. Ke3
Kb4 79. Kd3 Kb3 80. Kd4 b4 81. Kd3 Ka2 82. Kc4 b3 83. Kd3 b2 84. Ke4 b1=Q+ 85.
Kd4 Qf5 86. Kc4 Kb2 87. Kd4 Kc2 88. Kc4 Qe5 89. Kb4 Qd5 90. Ka4 Kc3 91. Ka3
Qa5# {Amateur checkmated} 0-1

[Event "ICS unrated blitz match"]
[Site "204.178.125.65"]
[Date "2000.12.18"]
[Round "?"]
[White "Hossa"]
[Black "diep"]
[Result "0-1"]
[WhiteElo "2607"]
[BlackElo "2744"]
[PlyCount "124"]
[EventDate "2000.??.??"]

1. e4 d6 2. d4 Nf6 3. Nc3 g6 4. f3 Bg7 5. Be3 c6 6. Qd2 b5 7. O-O-O Qa5 8. Kb1
Nbd7 9. Bd3 b4 10. Nce2 O-O 11. Nc1 Qb6 12. Nh3 a5 13. g4 Bb7 14. Ne2 a4 15. g5
Ne8 16. d5 c5 17. f4 Nc7 18. c3 b3 19. a3 e6 20. c4 Qa6 21. Nc3 Nb6 22. Nb5
Nxb5 23. cxb5 Qa7 24. dxe6 fxe6 25. Nf2 Rae8 26. h4 c4 27. Be2 d5 28. Bc5 c3
29. bxc3 Rc8 30. Qe3 Rxc5 31. Qxc5 Rxf4 32. Qe3 Qa5 33. Rhf1 Qxc3 34. Qxc3 Bxc3
35. Ng4 Rf8 36. Nf6+ Kg7 37. exd5 exd5 38. Nxh7 Rxf1 39. Rxf1 Bc8 40. Nf6 Bf5+
41. Rxf5 gxf5 42. Nh5+ Kf7 43. Nf4 Nc4 44. Bxc4 dxc4 45. b6 Be5 46. Nd5 c3 47.
Nxc3 Bxc3 48. h5 f4 49. b7 Be5 50. g6+ Kg8 51. h6 f3 52. Kc1 f2 53. Kd2 f1=Q
54. b8=R+ Bxb8 55. h7+ Kh8 56. Kc3 b2 57. g7+ Kxh7 58. g8=Q+ Kxg8 59. Kxb2 Qd3
60. Kc1 Bf4+ 61. Kb2 Qb3+ 62. Ka1 Be5# {Hossa checkmated} 0-1

[Event "ICS rated standard match"]
[Site "204.178.125.65"]
[Date "2000.12.18"]
[Round "?"]
[White "diep"]
[Black "Hossa"]
[Result "0-1"]
[WhiteElo "2537"]
[BlackElo "2322"]
[PlyCount "118"]
[EventDate "2000.??.??"]

1. Nf3 Nf6 2. d4 g6 3. c4 Bg7 4. Nc3 O-O 5. e4 c6 6. Be2 d5 7. e5 Ne8 8. cxd5
cxd5 9. h4 Nc7 10. h5 Nc6 11. Ng5 h6 12. Nf3 g5 13. Be3 Bf5 14. Bd3 Bxd3 15.
Qxd3 Nb4 16. Qe2 Qc8 17. a3 Nc6 18. Nh2 f6 19. exf6 exf6 20. Qd3 f5 21. f3 Qe8
22. O-O-O b5 23. Nf1 b4 24. Ne2 bxa3 25. bxa3 f4 26. Bf2 Na5 27. Nc3 Qc6 28. a4
Rab8 29. Kc2 Na6 30. Rb1 Nb4+ 31. Rxb4 Rxb4 32. Nd2 Rc8 33. Ra1 Rxa4 34. Rc1
Ra3 35. Kb2 Qd6 36. Qb5 Raxc3 37. Rxc3 Rb8 38. Qxb8+ Qxb8+ 39. Kc2 Qe8 40. Kd1
Qa4+ 41. Ke2 Bxd4 42. Bxd4 Qxd4 43. Rd3 Qc5 44. Ke1 Qg1+ 45. Ke2 Qxg2+ 46. Kd1
Nc4 47. Nxc4 dxc4 48. Rd8+ Kf7 49. Rd7+ Ke6 50. Rd8 Qxf3+ 51. Kc1 Qc3+ 52. Kb1
f3 53. Rd1 f2 54. Rf1 Qd3+ 55. Kb2 Qxf1 56. Kc3 Qe1+ 57. Kd4 f1=Q 58. Kc5 Qa5+
59. Kd4 Qf4# {diep checkmated} 0-1

[Event "ICS rated blitz match"]
[Site "204.178.125.65"]
[Date "2000.12.18"]
[Round "?"]
[White "Hossa"]
[Black "monsoon"]
[Result "0-1"]
[WhiteElo "2607"]
[BlackElo "2485"]
[PlyCount "110"]
[EventDate "2000.??.??"]

1. e4 c5 2. Nf3 Nc6 3. d4 cxd4 4. Nxd4 Nf6 5. Nc3 d6 6. Bg5 e6 7. Qd2 a6 8.
O-O-O Qb6 9. Bxf6 gxf6 10. Nb3 Bd7 11. Bd3 Ne5 12. f3 h5 13. Be2 Ng4 14. Nd5
exd5 15. Qd4 Qxd4 16. Rxd4 Bh6+ 17. Kb1 Ne3 18. g3 Bc6 19. exd5 Bxd5 20. c4 Be6
21. Re1 O-O-O 22. Bd3 d5 23. cxd5 Bxd5 24. f4 Rhe8 25. Rc1+ Kb8 26. Re1 Ka8 27.
Bh7 Re7 28. Rd3 Nf5 29. Rxe7 Nxe7 30. Nc5 f5 31. Re3 Bf8 32. Rc3 Bc6 33. Rc4
Bg7 34. Kc1 Rd6 35. g4 hxg4 36. Rc2 Rh6 37. Re2 Bf6 38. Bxf5 Nxf5 39. b4 g3 40.
hxg3 Rh1+ 41. Kd2 Nxg3 42. Re1 Bc3+ 43. Kxc3 Rxe1 44. Kd4 Rd1+ 45. Ke3 Rf1 46.
b5 Bxb5 47. Nb3 Bc6 48. Nd4 Be4 49. Nb3 Rf3+ 50. Kd2 Rf2+ 51. Ke3 Rxa2 52. Nd2
Bd5 53. Nb1 Ne2 54. f5 b5 55. f6 a5 {Hossa resigns} 0-1

[Event "ICS rated blitz match"]
[Site "204.178.125.65"]
[Date "2000.12.18"]
[Round "?"]
[White "monsoon"]
[Black "Hossa"]
[Result "1-0"]
[WhiteElo "2506"]
[BlackElo "2586"]
[PlyCount "141"]
[EventDate "2000.??.??"]

1. Nf3 Nf6 2. g3 g6 3. b3 Bg7 4. Bb2 d6 5. d4 O-O 6. Bg2 c6 7. O-O Na6 8. Nc3
Bf5 9. e3 Qd7 10. Ng5 h6 11. Nge4 Nxe4 12. Nxe4 d5 13. Nd2 Bh3 14. Kh1 Qf5 15.
Kg1 Bxg2 16. Kxg2 c5 17. Kg1 Qh3 18. Qf3 Rfd8 19. Qg2 Qf5 20. Rac1 cxd4 21. g4
Qc8 22. exd4 Nb4 23. c4 Nd3 24. Rc2 Nxb2 25. Rxb2 Bxd4 26. Rbb1 e6 27. g5 Bg7
28. Rbe1 Qc7 29. f4 Qc5+ 30. Kh1 Bc3 31. Re2 h5 32. cxd5 Rxd5 33. Ne4 Qa5 34.
Rc1 Bd4 35. Rec2 Rad8 36. Qg3 Qa3 37. Rc7 Qxa2 38. Rxb7 Qb2 39. Re1 Qc2 40. Rb4
a5 41. Rc4 Qb2 42. Rcc1 Rf5 43. Rb1 Qa3 44. Rec1 Qa2 45. Re1 Rfd5 46. Qf3 Rc8
47. Rbc1 Rb8 48. Nc3 Bxc3 49. Rxc3 Rd2 50. Qg3 Rb2 51. f5 R2xb3 52. fxg6 fxg6
53. Qd3 Rxc3 54. Qxg6+ Kf8 55. Rf1+ Ke7 56. Qg7+ Kd6 57. Rd1+ Kc6 58. Qxc3+ Kb7
59. Rd7+ Ka6 60. Qd3+ Rb5 61. Rd6+ Ka7 62. Qxb5 Qa1+ 63. Kg2 Qa2+ 64. Kh3 Qa3+
65. Rd3 Qxd3+ 66. Qxd3 Kb6 67. g6 a4 68. g7 Kc6 69. g8=Q Kc7 70. Qb5 a3 71.
Qgb8# {Hossa checkmated} 1-0

[Event "ICS rated blitz match"]
[Site "204.178.125.65"]
[Date "2000.12.18"]
[Round "?"]
[White "Hossa"]
[Black "PostModernist"]
[Result "0-1"]
[WhiteElo "2566"]
[BlackElo "2613"]
[PlyCount "180"]
[EventDate "2000.??.??"]

1. e4 c5 2. Nc3 Nc6 3. f4 e6 4. Nf3 a6 5. g3 d5 6. d3 Nf6 7. Bh3 d4 8. Ne2 Be7
9. Bd2 O-O 10. O-O b6 11. a3 Bb7 12. Rf2 Qe8 13. g4 Rd8 14. Ng3 Nd7 15. Bg2 f6
16. Bc1 Qg6 17. Nd2 e5 18. Nf5 exf4 19. Nc4 Nde5 20. Nxb6 Nxg4 21. Rxf4 Nge5
22. Bd2 Bc8 23. Nxc8 Rxc8 24. Qe2 Rfe8 25. Raf1 Rb8 26. b3 Rb6 27. Rh4 Qf7 28.
Rh3 Bf8 29. Rg3 g6 30. Qf2 h5 31. Bh3 Rbb8 32. Nh6+ Bxh6 33. Bxh6 Qh7 34. Bd2
Rf8 35. Be6+ Kh8 36. Bf4 h4 37. Rh3 g5 38. Bd2 Rbe8 39. Bf5 Qf7 40. Qe2 Ne7 41.
Bg4 Qg8 42. Bh5 Rb8 43. Qg2 Qe6 44. Rf2 Rfc8 45. Ba5 N7g6 46. Qf1 Kg7 47. Bxg6
Kxg6 48. Rf5 Kg7 49. a4 Ng4 50. Bd2 Nh6 51. Rf2 Re8 52. Rhf3 Ng4 53. Rg2 Ne5
54. Rf5 Rb7 55. Ba5 Qd6 56. Be1 Rh8 57. Bd2 Rh6 58. Bf4 Re7 59. Bxe5 Rxe5 60.
Rf3 Kg8 61. Rgf2 Re6 62. Rf5 Qe7 63. a5 Kg7 64. R5f3 Kf7 65. Qg2 Qc7 66. Qg4
Ke7 67. Rf1 Qxa5 68. Qf5 Qc7 69. R1f2 Qd6 70. Qg4 Kd8 71. Rf1 Re5 72. Qg2 g4
73. Rf4 g3 74. h3 Rg5 75. Qd2 Rgg6 76. Qa5+ Ke7 77. Rf5 g2 78. Ra1 Qg3 79.
Qxc5+ Ke8 80. Qxd4 Qxh3 81. Qa4+ Kf8 82. Qb4+ Kg7 83. Qe7+ Kh8 84. Qf8+ Kh7 85.
Kf2 g1=Q+ 86. Rxg1 Qh2+ 87. Kf3 Qxg1 88. Qc8 Rg3+ 89. Ke2 Re3+ 90. Kd2 Qe1# {
Hossa checkmated} 0-1

[Event "ICS rated blitz match"]
[Site "204.178.125.65"]
[Date "2000.12.18"]
[Round "?"]
[White "PostModernist"]
[Black "Hossa"]
[Result "1-0"]
[WhiteElo "2627"]
[BlackElo "2552"]
[PlyCount "73"]
[EventDate "2000.??.??"]

1. d4 Nf6 2. c4 c5 3. d5 g6 4. Nc3 Bg7 5. e4 d6 6. Bd3 e5 7. h3 O-O 8. g4 Na6
9. Nf3 Nb4 10. Be3 Nxd3+ 11. Qxd3 a6 12. O-O-O b5 13. cxb5 axb5 14. Qxb5 Ba6
15. Qb3 Qa5 16. g5 Nd7 17. Nd2 f5 18. exf5 gxf5 19. f3 Nb6 20. Rdg1 Bd3 21. Bf2
Rf7 22. g6 hxg6 23. Rxg6 Rd8 24. Rhg1 Ra7 25. h4 Rdd7 26. h5 f4 27. Nce4 Bxe4
28. Nxe4 Kh7 29. h6 Rf7 30. hxg7 Kg8 31. Rxd6 Nd7 32. Rh6 Qc3+ 33. bxc3 Rxg7
34. d6+ c4 35. Qxc4+ Kf8 36. Rh8+ Rg8 37. Rhxg8# {Hossa checkmated} 1-0

[Event "ICS rated blitz match"]
[Site "204.178.125.65"]
[Date "2000.12.18"]
[Round "?"]
[White "Hossa"]
[Black "Foe-hammer"]
[Result "0-1"]
[WhiteElo "2539"]
[BlackElo "2811"]
[PlyCount "72"]
[EventDate "2000.??.??"]

1. d4 d5 2. Nf3 Nf6 3. e3 Bf5 4. c4 c6 5. Nc3 e6 6. Be2 h6 7. cxd5 exd5 8. Bd3
Be6 9. Bd2 Bd6 10. h3 Na6 11. Bxa6 bxa6 12. Na4 Ne4 13. Qc2 Bd7 14. Nc5 Bxc5
15. dxc5 Qf6 16. Ba5 Qg6 17. g4 h5 18. Ne5 Qe6 19. Nxd7 hxg4 20. Bc3 Kxd7 21.
O-O-O Rxh3 22. Rxh3 gxh3 23. Bxg7 h2 24. Bc3 Rg8 25. f4 Nxc3 26. bxc3 Qxe3+ 27.
Kb2 Rg1 28. Rxd5+ cxd5 29. Qxh2 Rc1 30. c6+ Kxc6 31. Qc2 Rxc2+ 32. Kxc2 Kc5 33.
Kb3 Qc1 34. a4 Qb1+ 35. Ka3 Kc4 36. a5 Qb3# {Hossa checkmated} 0-1